| 000 | 01479cam a22003131i 4500 | ||
|---|---|---|---|
| 003 | SA-RiAUC | ||
| 005 | 20250818063224.0 | ||
| 008 | 250801s1993 su g 00000 ara c | ||
| 040 |
_aSA-MaUQU _bara _cSA-RiAUC _erda |
||
| 043 | _aa-su--- | ||
| 050 | 4 | _bS53 1993 | |
| 082 | 0 | 4 |
_a215.953122 _qSA-RiAUC |
| 090 |
_a215.953122 _bص د ي |
||
| 100 | 1 |
_aالصديقي، إبراهيم عباس المدني _eمؤلف. |
|
| 245 | 1 | 2 |
_aالمناهل الصافية العذبة في بيان ما خفي من مساجد طيبة / _cتأليف إبراهيم عباس المدني الصديقي ؛ تحقيق مرزوق علي إبراهيم. |
| 250 | _aالطبعة الأولى. | ||
| 264 | 1 |
_aالمملكة العربية السعودية : _bإبراهيم عباس المدني الصديقي، _c1993 |
|
| 300 |
_a108 صفحة ؛ _c24 سم. |
||
| 336 |
_aنص _btxt _2rdacontent _3كتاب |
||
| 337 |
_aبدون وسيط _bn _2rdamedia |
||
| 338 |
_aمجلد _bnc _2rdacarrier |
||
| 490 | 0 | _aمن تراث طيبة الطيبة | |
| 650 | 7 |
_aالمساجد _zالمدينة المنورة _2aucsh |
|
| 653 | _aالديانات | ||
| 700 | 1 |
_aإبراهيم، مرزوق علي _eمحقق. |
|
| 700 | 1 | 2 |
_iتحقيق لـ : _aالصديقي، إبراهيم عباس المدني. _tالمناهل الصافية العذبة في بيان ما خفي من مساجد طيبة. |
| 942 |
_2ddc _cBOOK _n0 |
||
| 949 |
_aSA-JeALM _d250801 _umohamedma123 _n1 |
||
| 999 |
_c10922 _d10922 |
||